Quiz Cultura Generale - Quiz n°110 - Statistics

Statistiche generali
  • Questo quiz è stato fatto 115 volte
  • Il punteggio medio è 9 su 15
Statistiche sulle risposte
Domanda Risposta % Corretto
Quanti litri ci sono in un ettolitro? 100
97%
Quanti erano gli Apostoli di Gesù? 12
90%
In che anno scoppiò la Prima Guerra Mondiale? 1914
90%
Qual è il capoluogo di regione della Basilicata? Potenza
90%
In quale secolo sono ambientati "I Promessi Sposi"? XVII
81%
Qual è la divinità romana il cui corrispettivo greco è Ares? Marte
70%
Di quale stato degli USA è capitale Indianapolis? Indiana
68%
Dove nacque Napoleone Bonaparte? Ajaccio
59%
Chi ha vinto il campionato europeo di pallacanestro 2025? Germania
49%
Chi dipinse "La dama con l'ermellino"? Leonardo da Vinci
44%
Quale calciatore detiene il record per il maggior numero di reti segnate con la maglia dell'Inter? Giuseppe Meazza
34%
Chi è stato l'ultimo italiano a vincere il Tour de France? Vincenzo Nibali
33%
Chi vinse il premio Nobel per la letteratura nel 1997? Dario Fo
27%
Qual è il più grande porto marittimo europeo? Rotterdam
26%
Come sono denominati gli uragani che si abbattono sulle coste asiatiche? Tifoni
21%
Nessun quiz corrispondente trovato
Distribuzione punteggi
Percentuale di utenti per punteggio
Percentile per numero di risposta
I tuoi punteggi nel tempo
Non hai fatto questo quiz